[Event "AUTO-OPEN-1626"]
[Site "http://www.queenalice.com/game.php?id=620840"]
[Date "2009.7.18"]
[Round "1"]
[White "GMLuizFernandes"]
[Black "fernando2"]
[Result "1-0"]
[WhiteElo "1881"]
[BlackElo "1100"]

1. Nf3 d5 2. d4 e6 3. e3 c5 4. Nbd2 Nc6 5. c4 cxd4 6. Nxd4 Nxd4 7. exd4 Nf6 8.
cxd5 exd5 9. Be2 Ne4 10. Nxe4 dxe4 11. Bf4 Bd6 12. Bb5+ Ke7 13. Bxd6+ Qxd6 14.
O-O a6 15. Be2 f5 16. Rc1 Be6 17. Qa4 b5 18. Qc2 Bxa2 19. b3 Qa3 20. Qc7+ Kf8
21. Ra1 Qe7 22. Qxe7+ Kxe7 23. Rxa2 f4 24. Re1 e3 25. Bf3 Rad8 26. fxe3 Kf6 27.
Rxa6+ Kf5 28. exf4 Kxf4 29. Re4+ Kf5 30. g4+ Kg5 31. Re5+ Kf4 32. Kf2 Rxd4 33.
Rf5# 1-0

[Event "AUTO-OPEN-1626"]
[Site "http://www.queenalice.com/game.php?id=620841"]
[Date "2009.7.18"]
[Round "1"]
[White "fernando2"]
[Black "lele_leandro"]
[Result "1-0"]
[WhiteElo "1176"]
[BlackElo "1311"]

1. e4 e5 2. Qh5 Nc6 3. Bc4 Qf6 4. d3 Nd4 5. Bg5 Qg6 6. Qxg6 hxg6 7. c3 Nc2+ 8.
Kd2 Nxa1 9. Na3 Bxa3 10. bxa3 f6 11. Nf3 fxg5 12. Rxa1 1-0

[Event "AUTO-OPEN-1626"]
[Site "http://www.queenalice.com/game.php?id=620842"]
[Date "2009.7.18"]
[Round "1"]
[White "lele_leandro"]
[Black "fernando2"]
[Result "0-1"]
[WhiteElo "1311"]
[BlackElo "1100"]

1. e4 e5 2. Nf3 Nc6 3. Bb5 Nd4 4. Nc3 Nxf3+ 5. Qxf3 Nh6 6. d3 c6 7. Bc4 b5 8.
Bxh6 Qf6 9. Bb3 Be7 10. Qxf6 Bxf6 0-1

[Event "AUTO-OPEN-1626"]
[Site "http://www.queenalice.com/game.php?id=620843"]
[Date "2009.7.18"]
[Round "1"]
[White "fernando2"]
[Black "deepawn"]
[Result "0-1"]
[WhiteElo "1100"]
[BlackElo "1785"]

1. e4 e5 2. Qh5 Nf6 3. Qxe5+ Be7 4. Bc4 Nc6 5. Qf4 d6 6. g4 Bxg4 7. f3 Bd7 8. d3
Na5 9. Bd2 Nxc4 10. dxc4 O-O 11. Bc3 Nh5 12. Qe3 Bg5 13. Qd4 Bf4 14. Bd2 Be5 15.
Qd5 Bc6 16. Qd3 f5 17. exf5 Bxb2 18. Bc3 Bxc3+ 19. Qxc3 Qg5 20. Nh3 Qc1+ 21. Ke2
Qxh1 22. Na3 Rae8+ 23. Kd2 Qxh2+ 24. Kd3 Qxh3 25. Rg1 Qxf3+ 26. Kd4 Re4# 0-1

[Event "Challenge"]
[Site "http://www.queenalice.com/game.php?id=622323"]
[Date "2009.7.21"]
[Round "-"]
[White "Leof"]
[Black "fernando2"]
[Result "1-0"]
[WhiteElo "1560"]
[BlackElo "1100"]

1. e4 e5 2. d4 Qf6 3. d5 Bc5 4. Nf3 d6 5. Bg5 Qg6 6. Bd3 Ne7 7. c3 h6 8. b4 Bb6
9. h4 hxg5 10. h5 Rxh5 11. Rxh5 Qxh5 12. Nbd2 Qh1+ 13. Bf1 Bf5 14. Qa4+ c6 15.
O-O-O Bxf2 16. Nxg5 Bg4 17. Ngf3 Kd8 18. Bc4 Qxg2 19. Nf1 Bxf3 20. Rd2 b5 21.
Qa5+ Kd7 22. dxc6+ Nbxc6 23. Bxb5 Ke6 24. Bc4+ Kf6 25. Rxd6+ Kg5 26. Qa4 Be3+
27. Nxe3 Qh1+ 28. Nd1 Bxe4 29. Bxf7 Rc8 30. b5 Nd8 31. c4 Nxf7 32. Ra6 Bd3 33.
Qa3 Rxc4+ 34. Kd2 Rd4 35. Qxe7+ Kg4 36. Nf2+ Kh5 37. Nxh1 Bxb5+ 38. Ke3 Rd3+ 39.
Kf2 Bxa6 40. Qxf7+ Kh6 41. Qe6+ Kg5 42. Qxa6 Rd2+ 43. Kg3 e4 44. Qa5+ Rd5 45.
Qxd5+ 1-0

[Event "Challenge"]
[Site "http://www.queenalice.com/game.php?id=639876"]
[Date "2009.8.21"]
[Round "-"]
[White "Carlos3000"]
[Black "fernando2"]
[Result "1-0"]
[WhiteElo "1665"]
[BlackElo "1225"]

1. e4 e5 2. d3 d5 3. exd5 Qxd5 4. Nc3 Qe6 5. Be2 Bc5 6. Nb5 Bd7 7. Nxc7+ Ke7 8.
Nxe6 fxe6 9. c3 b5 10. Nf3 b4 11. cxb4 Bxb4+ 12. Bd2 Nc6 13. Bxb4+ Nxb4 14. Nxe5
Bc6 15. Nxc6+ Nxc6 16. O-O Nf6 17. a3 Rab8 18. Rc1 Rhc8 19. b4 e5 20. Bf3 Kd7
21. Bg4+ Nxg4 22. Qxg4+ Kd6 23. Qxg7 1-0

[Event "AUTO-INT-1469"]
[Site "http://www.queenalice.com/game.php?id=661922"]
[Date "2009.10.3"]
[Round "1"]
[White "Barrettto"]
[Black "fernando2"]
[Result "1-0"]
[WhiteElo "1572"]
[BlackElo "1201"]

1. e4 d5 2. e5 f6 3. exf6 exf6 4. h4 g5 5. Qh5+ Kd7 6. Nc3 Qe8+ 7. Be2 Qxh5 8.
Bxh5 Bc5 9. hxg5 fxg5 10. d3 d4 11. Ne4 Bb4+ 12. Bd2 a5 13. Nf3 Bxd2+ 14. Nexd2
Nf6 15. Bf7 1-0

[Event "AUTO-INT-1469"]
[Site "http://www.queenalice.com/game.php?id=661923"]
[Date "2009.10.3"]
[Round "1"]
[White "fernando2"]
[Black "Barrettto"]
[Result "0-1"]
[WhiteElo "1203"]
[BlackElo "1570"]

1. e4 e5 2. Qh5 Nf6 3. Qxe5+ Be7 4. d3 O-O 5. Qg3 h6 6. Nh3 c6 7. Nf4 d6 8. Be2
g5 9. Nh5 Qa5+ 10. Nc3 d5 11. Bd2 Qd8 12. exd5 Bd6 0-1

[Event "AUTO-INT-1469"]
[Site "http://www.queenalice.com/game.php?id=661938"]
[Date "2009.10.3"]
[Round "1"]
[White "fernando2"]
[Black "feramach"]
[Result "0-1"]
[WhiteElo "1225"]
[BlackElo "1492"]

1. e4 c5 2. d4 b6 3. Bc4 Nc6 4. c3 cxd4 5. cxd4 e5 6. Ne2 h6 7. Nbc3 Nf6 8. f4
exf4 9. Nxf4 Bb4 10. d5 Ne5 11. a3 Bxc3+ 12. bxc3 Nxc4 13. Qd4 Ba6 14. e5 Qe7
0-1

[Event "AUTO-INT-1469"]
[Site "http://www.queenalice.com/game.php?id=661939"]
[Date "2009.10.3"]
[Round "1"]
[White "feramach"]
[Black "fernando2"]
[Result "1-0"]
[WhiteElo "1497"]
[BlackElo "1220"]

1. e4 d5 2. e5 f6 3. d4 fxe5 4. dxe5 Nc6 5. Bf4 b5 6. Bxb5 Bd7 7. e6 Rb8 8.
exd7+ Qxd7 9. a4 h6 10. Nc3 d4 11. Ne4 g5 12. Bg3 Rxb5 13. axb5 Nb4 14. Rxa7
Qxb5 15. Rxc7 Qa5 16. c3 1-0

[Event "AUTO-INT-1469"]
[Site "http://www.queenalice.com/game.php?id=661940"]
[Date "2009.10.3"]
[Round "1"]
[White "fernando2"]
[Black "rafaeldias"]
[Result "0-1"]
[WhiteElo "1236"]
[BlackElo "1593"]

1. e4 e5 2. Qh5 Nc6 3. d3 d6 4. f4 Qe7 5. Nf3 g6 6. Qxe5 Nxe5 7. fxe5 dxe5 8.
Nc3 Bg4 9. Nd5 Qc5 10. b4 Qc6 11. Nxe5 Qxc2 12. h3 Be6 13. Bf4 Bxd5 14. exd5
Qc3+ 15. Ke2 Qxa1 16. g3 Qxa2+ 17. Bd2 Bxb4 18. Nc4 Bxd2 19. Nxd2 O-O-O 20. Bg2
Nf6 21. Rf1 Rhe8+ 22. Kf3 Qxd2 0-1

[Event "AUTO-INT-1469"]
[Site "http://www.queenalice.com/game.php?id=661941"]
[Date "2009.10.3"]
[Round "1"]
[White "rafaeldias"]
[Black "fernando2"]
[Result "1-0"]
[WhiteElo "1592"]
[BlackElo "1199"]

1. e4 d5 2. e5 f6 3. d4 fxe5 4. Qh5+ g6 5. Qxe5 Nf6 6. Bg5 Bg7 7. Nd2 h6 8. Bxf6
Bxf6 9. Qg3 h5 10. Qxg6+ Kf8 11. O-O-O e6 12. Re1 Bxd4 13. Ndf3 Rg8 14. Qxh5 Qe8
15. Qh6+ Bg7 16. Qf4+ Qf7 17. Qxf7+ Kxf7 18. Ng5+ Kf6 19. h4 Bh6 20. f4 e5 21.
g3 exf4 22. gxf4 Na6 23. a3 Bf5 24. Bxa6 bxa6 25. Re5 Be4 26. Rh2 Bxg5 27. hxg5+
Kf7 28. Rh6 Rae8 29. Rxe8 Rxe8 30. Rxa6 1-0

[Event "AUTO-OPEN-1712"]
[Site "http://www.queenalice.com/game.php?id=662541"]
[Date "2009.10.4"]
[Round "1"]
[White "fernando2"]
[Black "ferrari"]
[Result "0-1"]
[WhiteElo "1214"]
[BlackElo "1592"]

1. e4 c5 2. d4 cxd4 3. Qxd4 Nc6 4. Qd1 e5 5. h4 Nf6 6. f3 Be7 7. f4 exf4 8. Bxf4
O-O 9. Qd3 Nh5 10. Nh3 Nxf4 11. Nxf4 Nb4 12. Qc3 Bxh4+ 13. Kd1 Nc6 0-1

[Event "AUTO-OPEN-1712"]
[Site "http://www.queenalice.com/game.php?id=662542"]
[Date "2009.10.4"]
[Round "1"]
[White "ferrari"]
[Black "fernando2"]
[Result "1-0"]
[WhiteElo "1594"]
[BlackElo "1214"]

1. c4 d5 2. cxd5 Qxd5 3. Nc3 Qd8 4. Nf3 a5 5. g3 b6 6. Bg2 Bb7 7. O-O Bxf3 8.
Bxf3 c6 9. d4 f6 10. Qa4 b5 11. Nxb5 Ra6 12. Nc3 e5 13. dxe5 fxe5 14. Ne4 1-0

[Event "AUTO-OPEN-1712"]
[Site "http://www.queenalice.com/game.php?id=662543"]
[Date "2009.10.4"]
[Round "1"]
[White "fernando2"]
[Black "Giant"]
[Result "0-1"]
[WhiteElo "1236"]
[BlackElo "1818"]

1. e4 Nc6 2. d4 d5 3. exd5 Qxd5 4. c4 Qxd4 5. Qxd4 Nxd4 6. Be3 Nc2+ 7. Kd2 Nxa1
8. Nc3 Bf5 9. Nd5 O-O-O 10. f3 e6 11. Bxa7 exd5 12. cxd5 Rxd5+ 13. Ke1 Nc2+ 14.
Ke2 b6 15. g4 Bc5 16. gxf5 Nh6 17. Nh3 Re8# 0-1

[Event "AUTO-OPEN-1712"]
[Site "http://www.queenalice.com/game.php?id=662544"]
[Date "2009.10.4"]
[Round "1"]
[White "Giant"]
[Black "fernando2"]
[Result "1-0"]
[WhiteElo "1814"]
[BlackElo "1236"]

1. e4 d5 2. exd5 Qxd5 3. Nf3 e5 4. d3 e4 5. Nc3 Qe6 6. dxe4 f5 7. Bd3 Nf6 8. e5
Ng4 9. O-O Nxe5 10. Nxe5 Qxe5 11. Re1 Qxe1+ 12. Qxe1+ Be7 13. Bg5 Nc6 14. Nd5
Kd7 15. Nxe7 Nxe7 16. Bb5+ c6 17. Qxe7# 1-0

[Event "AUTO-BEG-346"]
[Site "http://www.queenalice.com/game.php?id=666245"]
[Date "2009.10.12"]
[Round "1"]
[White "sadock8472"]
[Black "fernando2"]
[Result "1-0"]
[WhiteElo "1737"]
[BlackElo "1198"]

1. d4 e6 2. Nf3 c5 3. dxc5 Bxc5 4. e3 d5 5. Bd3 d4 6. exd4 Bb6 7. Be3 Nc6 8. c3
f5 9. O-O Nf6 10. Re1 e5 11. Qb3 Na5 12. Qd1 Kf7 13. Nxe5+ Ke6 14. Qf3 g6 15.
Bg5 Qd5 16. Qxd5+ Nxd5 17. Nxg6+ Kd6 18. Nxh8 Be6 19. Bxf5 Bxf5 20. Nf7+ Kc7 21.
Re5 Rg8 22. Rxf5 1-0

[Event "AUTO-BEG-346"]
[Site "http://www.queenalice.com/game.php?id=666246"]
[Date "2009.10.12"]
[Round "1"]
[White "fernando2"]
[Black "sadock8472"]
[Result "0-1"]
[WhiteElo "1198"]
[BlackElo "1737"]

1. e4 e5 2. Qh5 Nf6 3. Qxe5+ Be7 4. d3 Nc6 5. Qf4 Bd6 6. Qf3 Nd4 7. Qd1 c5 8. c3
Ne6 9. d4 Nxe4 10. Qg4 N4g5 11. h4 h5 12. Qd1 Ne4 13. Bd3 Nf6 14. Nh3 Qa5 15. g3
Nxd4 16. Na3 Ne6 17. Ng5 a6 18. Nc4 Qc7 19. Be2 Be7 20. Nxe6 fxe6 21. Bf4 d6 22.
Bxd6 Qd8 23. Bxe7 Qxe7 0-1

[Event "AUTO-BEG-346"]
[Site "http://www.queenalice.com/game.php?id=666261"]
[Date "2009.10.12"]
[Round "1"]
[White "dlabedz"]
[Black "fernando2"]
[Result "1-0"]
[WhiteElo "1428"]
[BlackElo "1212"]

1. d4 e6 2. d5 c6 3. dxe6 fxe6 4. e4 d5 5. f4 dxe4 6. Nc3 Nf6 7. Be2 Bd6 8. a3
e5 9. g3 exf4 10. Qd4 c5 11. gxf4 cxd4 12. Nb5 Qa5+ 13. Kf1 Kd7 14. a4 a6 15.
Nxd4 Bxf4 16. Nh3 Bxc1 17. Rxc1 1-0

[Event "AUTO-BEG-346"]
[Site "http://www.queenalice.com/game.php?id=666262"]
[Date "2009.10.12"]
[Round "1"]
[White "fernando2"]
[Black "dlabedz"]
[Result "0-1"]
[WhiteElo "1205"]
[BlackElo "1435"]

1. e4 d5 2. d3 d4 3. c3 c5 4. cxd4 cxd4 5. Nf3 Nc6 6. Na3 b5 7. Nxb5 e5 8. Bg5
f6 9. Bd2 a6 10. Na3 h5 11. Qa4 Bd7 12. Qc2 Qc7 13. Nc4 Bc5 14. Be2 a5 15. a3 a4
16. b3 axb3 0-1

[Event "AUTO-BEG-346"]
[Site "http://www.queenalice.com/game.php?id=666271"]
[Date "2009.10.12"]
[Round "1"]
[White "Arther"]
[Black "fernando2"]
[Result "1-0"]
[WhiteElo "1431"]
[BlackElo "1216"]

1. c4 d5 2. e3 dxc4 3. Bxc4 c6 4. d4 e6 5. Nf3 Bd6 6. Nc3 Bb4 7. a3 Bxc3+ 8.
bxc3 b5 9. Bd3 Nd7 10. O-O g5 11. Nd2 c5 12. Bb2 f5 13. Qh5+ Kf8 14. Bxb5 Ngf6
15. Qxg5 Qc7 16. Bxd7 Bxd7 17. Qxf6+ Kg8 18. dxc5 Qxc5 19. c4 Qf8 20. Qxh8+ Kf7
21. Qxf8+ Rxf8 22. Rfd1 Ba4 23. Re1 Rd8 24. Bc3 h5 25. Nf3 1-0

[Event "AUTO-BEG-346"]
[Site "http://www.queenalice.com/game.php?id=666272"]
[Date "2009.10.12"]
[Round "1"]
[White "fernando2"]
[Black "Arther"]
[Result "0-1"]
[WhiteElo "1232"]
[BlackElo "1420"]

1. e4 c5 2. d3 g6 3. Be3 Bg7 4. c3 e5 5. f4 d6 6. fxe5 Bxe5 7. Nf3 Bg7 8. d4
cxd4 9. Bxd4 Nf6 10. Bd3 Nc6 11. Bc4 O-O 12. Bxf6 Bxf6 13. Na3 Qe7 14. Nd2 a6
15. Bd3 b5 16. c4 Bxb2 17. Rb1 Bxa3 18. cxb5 axb5 19. Bxb5 Nd4 20. Nc4 Qxe4+ 21.
Kf1 Be6 22. Nxa3 Bxa2 23. Rb4 Qf5+ 0-1